Missa pastoralis in C boemica /

Main Author: Schreier, Josef, 1718-
Corporate Author: Svatováclavský sbor a orchestr
Other Authors: Novák, Jan, 1921-1984., Führer, Robert Jan Nepomuk, 1807-1861.
Language: Czech
Published: Dolní Bojanovice : Tonstudio Rajchman, [2022]
Physical Description: 1 CD audio (28:35) ; 12 cm
Audio
Saved in:
LEADER 02330njm a2200553 i 4500
001 001904800
003 CZ BrMZK
005 20241107124801.0
007 sd fungnnmmned
008 240814s2022 xr munng h n cze
015 |a cnb003625542 
028 0 1 |a JR 0492 - 2  |b Tonstudio Rajchman 
040 |a BOA001  |b cze  |e rda 
041 0 |d cze  |d lat  |g cze 
043 |a e-xr--- 
045 |a v-x- 
047 |a ms  |a cc 
072 7 |a 783  |x Církevní hudba. Duchovní hudba. Náboženská hudba  |2 Konspekt  |9 9 
080 |a 783  |2 MRF 
080 |a 783.21  |2 MRF 
080 |a 783.29  |2 MRF 
080 |a (086.76)  |2 MRF 
100 1 |a Schreier, Josef,  |d 1718-  |7 jn20000620333  |4 cmp 
245 1 0 |a Missa pastoralis in C boemica /  |c Josef Schreier 
264 1 |a Dolní Bojanovice :  |b Tonstudio Rajchman,  |c [2022] 
300 |a 1 CD audio (28:35) ;  |c 12 cm 
306 |a 002835 
336 |a hraná hudba  |b prm  |2 rdacontent 
337 |a audio  |b s  |2 rdamedia 
338 |a audiodisk  |b sd  |2 rdacarrier 
344 |a digital  |b optical  |2 rda 
347 |a audio soubor  |b CD audio  |2 rda 
500 |a Název z disku 
500 |a Informace o hudbě (2 strany) v pouzdru 
505 0 |a Gloria pro ženský (dívčí) sbor a varhany / Jan Novák (2:28) -- Missa pastoralis in C boemica. Kyrie (1:37) ; Christe (2:22) ; Kyrie (0:45) ; Gloria (5:18) ; Credo (3:54) ; Sanctus (1:32) ; Benedictus (3:43) ; Osana (0:30) ; Agnus (1:12) ; Dona (2:07) / Josef Schreier -- Te Deum č. 2, op. 155 / Robert Jan Nepomuk Führer (3:04) 
511 0 |a Svatováclavský sbor a orchestr Dolní Bojanovice 
648 7 |a 18.-20. století  |7 ch757019  |2 czenas 
650 0 7 |a duchovní hudba  |7 ph114372  |z Česko  |y 18.-20. století  |2 czenas 
655 7 |a mše (hudba)  |7 fd979826  |2 czenas 
655 7 |a Te Deum  |7 fd994978  |2 czenas 
655 7 |a kompaktní disky  |7 fd201991  |2 czenas 
700 1 2 |i Obsahuje (dílo):  |a Schreier, Josef,  |d 1718-  |t Missa pastoralis  |7 aun2007431577 
700 1 2 |i Obsahuje (dílo):  |a Novák, Jan,  |d 1921-1984.  |t Gloria 
700 1 2 |i Obsahuje (dílo):  |a Führer, Robert Jan Nepomuk,  |d 1807-1861.  |t Te Deum 
710 2 |a Svatováclavský sbor a orchestr  |7 olak2014824062  |4 prf 
910 |a BOA001  |b CDR-1530.121 
990 |a AV 
991 |b 202411 
996 6 |b 2610977028  |c CDR-1530.121  |l MZK  |r Sklad / do 24 hodin  |n 0  |p p.v.  |w 001973691  |u 000010  |a 1  |e BOA001  |j MZK50  |s P